Responses for Show #8122 - Tuesday, December 24, 2019

Contestants

[<< previous game]

Drew Limon, a wine technician from Napa, California

Barbara Hall, a transit operations specialist from Vancouver, Washington

Robin Miner-Swartz, an editor and consultant from Lansing, Michigan (whose 1-day cash winnings total $19,601)

[next game >>]

Jeopardy! Round responses

SANTA ON THE MAP
FILL IN THE BANKS
A CHRISTMAS CAROL COLLAGE
HAVE A COW
THE ROLES OF MORGAN FREEMAN
METAPHORS
    $200 19
Santa Fe

Drew
    $200 16
Morgan

Drew
    $200 11
(Charles) Dickens

Robin
    $200 6
Elmer

Robin
    $200 1
Driving Miss Daisy

Robin
    $200 26
matrimony

Robin
    $400 20
Sao Paulo

Barbara
    $400 17
Omaha

Barbara
    $400 12
Tannenbaum

Robin
    $400 7
cowbells

Drew
    $400 2
The Shawshank Redemption

Drew
    $400 27
an elephant

Drew
    $600 21
Montevideo

Barbara
    $600 18
Sachs

Robin
    $600 13
Bill Murray

Robin
    $600 8
Chick-fil-A

Drew
    $600 3
The Lego Movie

Triple Stumper
    $2,500 28
(Drew: What is Istanbul?)

London

Drew
    $800 22
(Drew: What is the Aegean?)

the Adriatic

Drew
Triple Stumper
    $800 24
(Alex: [Playfully pouting] Oh, it's [*], Canada.)
[Laughter]

Toronto

Triple Stumper
    $800 14
(Robin: What is "O Holy Night"?)

"O Little Town of Bethlehem"

Robin
Triple Stumper
    $800 9
a sacred cow

Robin
    $800 4
(Barbara: What is The Bucket List?)

Last Vegas

BarbaraDrew
    $800 29
I Gotta Wear Shades

Barbara
    $1000 23
the Canary Islands

Triple Stumper
    $1000 25
(Robin: What are Hong Kong and Singapore?)

Hong Kong & Shanghai

RobinBarbara
    $1000 15
Tiny Tim

Drew
    $1000 10
a dewlap

Triple Stumper
    $1000 5
Invictus

Drew
    $1000 30
a tree

Robin

Scores at the first commercial break (after clue 15):

Robin Barbara Drew
$1,600 -$800 $4,200

Scores at the end of the Jeopardy! Round:

Robin Barbara Drew
$2,400 $2,400 $1,700

Double Jeopardy! Round responses

IT'S NOT GOOD TO BE THE KING
THE SPHERE OF SCIENCE
FROM O TO O
(Alex: An "O" will begin the correct response and end it.)
CELEBRITY COUPLES
1990s BESTSELLERS
META-FOURS
    $400 6
(Robin: Who is King Louis?)

Charles I

Robin
Triple Stumper
    $400 24
eggs

Barbara
    $400 9
Ontario

Robin
    $400 1
Daniel Craig

Barbara
    $400 14
James Patterson

Robin
    $400 19
the Four Seasons

Drew
    $800 7
(Robin: Who is King Louis?)
(Alex: Be more specific.)
(Robin: The XIV.)

Louis XVI

RobinDrew
    $2,000 25
(Barbara: Who is Galileo?)

Copernicus

Barbara
    $800 10
outdo

Robin
    $800 2
Lisa Rinna

Barbara
    $800 15
golf

Robin
    $800 20
(Drew: What are plays?)

Saints

BarbaraDrew
    $1200 8
his throne

Robin
    $1200 26
geodesic

Triple Stumper
    $1200 11
an oratorio

Robin
    $1200 3
(Drew: Who is Hemsworth?)
(Alex: Be more specific.)

Liam Hemsworth

Drew
    $1200 16
Waiting to Exhale

Barbara
    $1200 21
the Gang of Four

Drew
    $1600 29
Shaka Zulu

Drew
    $1600 27
drag

Drew
    $1600 12
orzo

Barbara
    $1600 4
Ryan Gosling

Barbara
    $2,000 17
(Barbara: Who is Ann Coulter?)

Primary Colors

Barbara
    $1600 22
the Four Horsemen of the Apocalypse

Robin
    $2000 30
Ludwig

Barbara
    $2000 28
a Bathysphere

Barbara
    $2000 13
(Robin: What is an octo? [*].)
(Alex: You corrected yourself. Good for you.)

octavo

Robin
    $2000 5
Joe Manganiello

Barbara
    $2000 18
Erica Jong

Robin
    $2000 23
the Four Quartets

Triple Stumper

Scores at the end of the Double Jeopardy! Round:

Robin Barbara Drew
$11,600 $11,200 $7,700

[wagering suggestions for these scores]

Final Jeopardy! Round responses

HISTORIC AMERICAN CITIES
DrewWhat is Houston?
$0
BarbaraWhat is Richmond?
$4,500
RobinWhat is Tampa?
$3,801
St. Augustine, Florida

Final scores:

Robin Barbara Drew
$7,799 $6,700 $7,700
2-day champion: $27,400 3rd place: $1,000 2nd place: $2,000

Game dynamics:

Coryat scores:

Robin Barbara Drew
$11,600 $15,200 $10,200
18 R,
4 W
15 R,
3 W
(including 2 DDs)
15 R,
3 W
(including 1 DD)

Combined Coryat: $37,000

[game clues] [game scores] [suggest correction]

Game tape date: 2019-10-16
The J! Archive is created by fans, for fans. Scraping, republication, monetization, and malicious use prohibited; this site may use cookies and collect identifying information. See terms. The Jeopardy! game show and all elements thereof, including but not limited to copyright and trademark thereto, are the property of Jeopardy Productions, Inc. and are protected under law. This website is not affiliated with, sponsored by, or operated by Jeopardy Productions, Inc. Join the discussion at JBoard.tv.